000 00748nam a2200205Ia 4500
005 20260121110029.0
008 008 260114s9999 xx 000 0 hin d
020 _a9788132357834
037 _aEBOOK
040 _aCRL
_bhin
_cCRL
041 _ahin
_2hin
084 _qCRL
100 _aजगत नारायण कोहली / Jagat Narayan Kohli
_9941191
245 0 _aसिंचाई के साधन एवं नदी घाटी परियोजनाएँ / Sinchayi ke Saadhan aur Nadi Ghati Pariyojnaayein
260 _bभाषा प्रकाशन / Bhasha Prakashan
_c2021
856 _uhttps://bhashaprakashan.com/product-details/378924
942 _cEBOOK
999 _c1532856
_d1532856